000 00642nam a2200217Ia 4500
003 IN-BaIIA
008 211028s9999 xx 000 0 eng d
040 _cIIA Library
080 _a550.34
_bGUT
100 _aGutenberg, Beno
_9491
245 0 _aSeismicity of the Earth
_cBeno Gutenberg and C F Richter
260 _aNew York
_bGeophysical Society of America
_c1941
300 _avi, 131p.
490 _aGeophysical society of america special papers; no.34
650 _aAstronomy and Astrophysics Thesaurus
650 _aEarth
650 _aGeophysics
_954
650 _aSeismology
_9492
700 _aRichter, C. F.
_9493
942 _cBK
999 _c261
_d261